Préfectures et sous-préfectures commençant par la lettre V - Statistiques

Statistiques générales
  • Ce quiz a été pris 106 fois
  • Le résultat moyen est 10 sur 19
Statistiques - réponses
Préf/Sous-préf. % Correct
Valence
91%
Vannes
86%
Valenciennes
75%
Vesoul
75%
Versailles
70%
Vierzon
66%
Vienne
63%
Villeneuve-sur-Lot
52%
Villefranche-sur-Saône
50%
Le {Vigan}
48%
Vichy
46%
Verdun
45%
Villefranche-de-Rouergue
43%
Vitry-le-François
41%
Vouziers
41%
Vendôme
36%
Vervins
34%
Vire
34%
Val de Briey
13%
Aucun quiz correspondant
Distribution des résultats
% des personnes avec chaque résultat
Percentile par nombre de réponses
Votre historique - résultats
Vous n’avez pas pris ce quiz